Statistics for Country groups quiz - #2

Click here to take the quiz!

General Stats

  • This quiz has been taken 1,180 times
  • The average score is 16 of 28

Answer Stats

Hint Answer % Correct
Qatar
94%
South Sudan
90%
Mali
88%
The seven countries that border SudanEgypt
83%
Ethiopia
80%
Chad
80%
The country with an emperorJapan
74%
Libya
73%
Maldives
72%
Eritrea
70%
Malaysia
69%
The five countries that begin with 'Mal'Malawi
68%
Italy
62%
Central African Republic
61%
Malta
57%
Latvia
53%
Saudi Arabia
51%
Iceland
50%
Mozambique
50%
The two doubly landlocked countriesLiechtenstein
47%
The four countries that contain the letter 'Q'Equatorial Guinea
46%
Uzbekistan
43%
Morocco
42%
Iraq
41%
The three 'diarchies' (countries with two heads of state)Andorra
28%
The six countries whose capitals begin with 'R'Dominica
23%
San Marino
21%
Swaziland
16%

Score Distribution

Percentile by Number Answered

Percent of People with Each Score

Your Score History

You have not taken this quiz